Thinking for a living : how to get better performance and results from knowledge workers

Bibliographic Details
Main Author: Davenport, Thomas H. , 1954-
Format: Book
Published: Boston, Mass : Harvard Business School Press , c2005
Subjects:

MARC

LEADER 00000cam a2200000 7i4500
001 0000022346
005 20080727.0
008 080727
020 |a 1591394236 
090 0 0 |a 658.3   |b DAV 
100 0 |a Davenport, Thomas H. ,   |d 1954- 
245 1 0 |a Thinking for a living :   |b how to get better performance and results from knowledge workers   |c Thomas H. Davenport 
260 |a Boston, Mass :   |b Harvard Business School Press ,   |c c2005 
650 0 |a Intellectual capital 
650 0 |a Knowledge management 
650 0 |a Knowledge workers 
999 |a 0001036409   |b Book   |c REFERENCE   |e Perbadanan Perpustakaan Awam Johor